00638nam a2200169 a 450000100100000000500170001000800410002704000250006808200150009310000340010824500930014226000650023530000200030004900090032095201220032999900170045100002886520200930055203.0110412s2004 dr 000 0 spa d aDO-SdBNPbspacBNPHU axxxbR457e1 aReyes Félix, Willian95475410aLos espejuelos que me permitieron ver la realidad de mi paíz /cWillian Reyes Félix. aSan Francisco de Macorís :bImpresora del Nordeste,c2004. a39 p. :b21 cm. aBNPD 001054708PDaPDbPDcCTd2011-04-12iLF1l0oxxx R457ep28865-10r2020-06-25w2020-06-25yLFPDZPréstamo en sala c28357d28357